00506nam a2200193 a 4500001001300000003000900013005001700022008004100039020001000080082001600090100002100106245004400127260004300171300000900214500003500223505001000258650002300268700002100291nice12345678IN_TiNIC20260116011252.0050524s1922 lona grp 000 0 eng  ac10000a181.07bOLE aO`Leary, De Lacy aArabic Thought and Its Place in History aLondon bRoutledge Chapman Hall c1922 a327p aincludes index and biblioraphy2 aIndex aPhilosophy-Islamic1 aO`Leary, De Lacy